|
|
|
|
| LEADER |
01106nam a2200241 a 4500 |
| 001 |
2823713 |
| 008 |
090520s1983 ctua b 100 0 eng d |
| 010 |
|
|
|a \\\83015747
|
| 020 |
|
|
|a 0870554387 :
|c $30.00 (est.)
|
| 040 |
|
|
|a DLC
|c DLC
|d DLC
|d BD-DhAAL
|
| 082 |
0 |
0 |
|a 595.3/841
|2 19
|
| 111 |
2 |
|
|a International Symposium on Freshwater Crayfish
|n (5th :
|d 1981 :
|c Davis, Calif.)
|
| 245 |
1 |
0 |
|a Freshwater crayfish--V :
|b papers from the Fifth International Symposium on Freshwater Crayfish, Davis, California, USA, 1981 /
|c edited by Charles R. Goldman.
|
| 260 |
|
|
|a Westport, Conn. :
|b AVI Pub. Co.,
|c c1983.
|
| 300 |
|
|
|a xxxvii, 569 p. :
|b ill. ;
|c 24 cm.
|
| 504 |
|
|
|a Includes bibliographical references.
|
| 541 |
1 |
|
|e 00004912
|
| 650 |
|
0 |
|a Crayfish
|x Congresses.
|
| 650 |
|
0 |
|a Freshwater invertebrates
|x Congresses.
|
| 700 |
1 |
|
|a Goldman, Charles Remington,
|d 1930-
|
| 852 |
4 |
|
|a Ayesha Abed Library
|j Generalshelf
|
| 999 |
|
|
|c 8592
|d 8592
|
| 952 |
|
|
|0 0
|1 0
|2 ddc
|4 0
|6 595_384100000000000_FRE_1983
|7 0
|9 10233
|a BRACUL
|b BRACUL
|c GEN
|d 2010-05-16
|g 0.00
|l 0
|o 595.3841 FRE
|p 3010004912
|r 2010-05-16
|t 1
|w 2010-05-16
|y BK
|z Not price in Register
|